| 000 | 01286nam a2200265 a 4500 | ||
|---|---|---|---|
| 001 | 62765 | ||
| 003 | BD-RjUL | ||
| 005 | 20211209081124.0 | ||
| 008 | 170125s2008 bg ||||| b||| 001 0 ben d | ||
| 020 |
_a9840746359 _c: Tk. 340.00 (V-2,3) |
||
| 035 | _a(BD-RjUL)62892 | ||
| 040 |
_aBD-RjUL _bben _cBD-RjUL |
||
| 041 | _aben | ||
| 082 |
_223 _a781.62095492 _bWAB 2008 |
||
| 100 | 1 |
_aওয়াহাব, আবদুল _9186557 |
|
| 245 | 1 | 0 |
_aবাংলাদেশের লোকগীতি : _bএকটি সমাজতাত্ত্বিক অধ্যয়ন / _cআবদুল ওয়াহাব |
| 260 |
_aঢাকা : _bবাংলা একাডেমী, _c২০০৮ |
||
| 300 |
_aখণ্ড ; _c২১ সেমি. |
||
| 500 | _a[খণ্ড ২ ও খণ্ড ৩ একত্রে] | ||
| 504 | _aগ্রন্থপঞ্জি ও নির্ঘণ্ট সংযুক্ত | ||
| 505 | 0 | _aখণ্ড ২ (লোককবির সমাজভাবনা)-- খন্ড ৩ (লোকবাদ্যের সমাজকাত্ত্বিক উৎস ও পরিচয়)-- | |
| 650 |
_aলোকসঙ্গীত _zবাংলাদেশ _9184340 |
||
| 650 |
_aFolk music _zBangladesh _9186558 |
||
| 942 |
_2ddc _cBK |
||
| 999 |
_c62765 _d62765 |
||